000 00580nam a2200169 i 4500
001 98396
003 ES-MaACL
005 20230906182257.0
007 t|
008 050728s1936 fr ||||1| fre d
100 1 _aMartial, René.
_977249
245 1 3 _aLa race française /
_cRené Martial.
260 _aParis :
_bMercure de France,
_c1936.
300 _a352 p. ;
_c23 cm.
505 8 _aContiene: 1.--Le Sol. Les Racines. La Souche. 2.--La Croissance et les Greffons. 3.--La Greffe inter-raciale. Le nouveau rejet ou transfusion sanguine ethnique
852 _aES-MaACL
_jA-4474
999 _c98396
_d98396